00724nam a2200169 a 450000100100000000500170001000800410002704000250006824500380009326000410013130000200017204900090019295201200020195201110032195201050043299900170053700003021820200930060137.0110504s2008 dr 000 0 spa d aDO-SdBNPbspacBNPHU00aDirectorio jubilados Banreservas. aSanto Domingo :bBanreservas,c2008. a48 p. ;c23 cm. aBNPD 001054708DSaGRbGRcCTd2011-05-04iLF1l0o p30218-30r2020-06-25te. 3w2020-06-25yLFDSZPréstamo en sala 0010718PDaPDbPDcCTd2011-05-04iLF1l0o p30218-10r2020-06-25te. 2w2020-06-25yLFPDZNo se presta 0010718PDaPDbPDcCTd2011-05-04iLF1l0o p30218-20r2020-06-25w2020-06-25yLFPDZNo se presta c29710d29710